000 00767nam a2200289Ia 4500
001 3846
003 IT-RoPAU
008 130308s9999 xx 000 0 und d
040 _aIT-RoPAU
040 _cIT-RoPAU
041 _aITALIANO
100 _aMasini Ferruccio
100 _gCodice Aut. SPICS: 4051
245 _aIdeologia borghese e critica della cultura
245 _bCultura e Cinema nella Repubblica di Weimar
250 _a1a ed.
260 _aVENEZIA
260 _bMarsilio
260 _c1978 [1° Ed.:1978 - Ed.Ling.Originale:1978]
300 _a"19 p. (prefazione: no ; testo: 19 [pagine: 67-85])"
650 _aSAGGI SUL CINEMA
650 _eCodice materia Spics: 6811
942 _cBK
957 _71
999 _c55402
_d55402
999 _bSI
999 _g1